00341pab a2200121 454500008004000000100002100040245007000061260000900131300001300140362000800153650001700161773004100178180718b2001 xxu||||| |||| 00| 0 eng d aAratijo, Roberto aThe drug trade, the black economy and society in Western Amazonia c2001 ap.451-57 aSep aDrug traffic aInternational Social Science Journal